000 00681cam a22001337a 4500
008 180718b1923 xxu||||| |||| 00| 0 eng d
082 _aB73x54 Ai98
100 _aAiyar, K.V. Krishnaswami
245 _aStatutory cram-panchayats in British India
_cby K.V. Krishnaswami Aiyar
260 _aMadras
_bMadras Law Journal
_c1923
300 _a39p.
500 _aAlso bound: The Case against proportional representation, by Herman Finer, 1924,17p.: Representation: the journal...No.41, Aug.1923, 44p.;Proportional Revessentation Society, Longon's 3 pamphlets; and the constitutionality of proportional representation, by William Anderson, 1923, 18p.
650 _aVillage Panchayats - India
999 _c357233
_d357233